000 00670nam a22002177a 4500
999 _c2742
_d2742
001 2742
003 BD-JhCC
005 20171106170739.0
008 171106s1970 bg |||| |||| 000 0 ben d
035 _a(BD-JhCC)2742
040 _aBD-JhCC
_dBD-JhCC
041 _aben
082 _a891.443
_bAKH 1970
100 _aআখন্দ, শহীদ
245 _aপাখীর গান বনের ছায়া /
_cশহীদ আখন্দ
260 _aঢাকা:
_bনওরোজ কিতাবিস্তান,
_c১৯৭০.
300 _a১৪৪ পৃ. :
_c২২ সেমি.
650 _aBengali Novel
942 _2ddc
_cBK